| 000 | 00717nam a2200241Ia 4500 | ||
|---|---|---|---|
| 003 | OSt | ||
| 005 | 20220926000122.0 | ||
| 006 | a|||||r|||| 00| 0 | ||
| 007 | ta | ||
| 008 | 220923b |||||||| |||| 00| 0 eng d | ||
| 037 | _cGeneral Book | ||
| 040 |
_aRTL _cRTL _beng |
||
| 041 |
_2eng _aeng |
||
| 082 | _aY:434:6.2.N8, M5/GD | ||
| 100 |
_aDe Nitish _9267949 |
||
| 245 | 0 | _aAdministrative innovations for poverty alleviation | |
| 260 |
_a New Delhi _bGovt. Press _c1985 |
||
| 300 |
_a23p _ccm. |
||
| 490 | _aIndia, Personnel and Training (Deptt of-), occasional papres.2-85 | ||
| 650 | _aPoverty | ||
| 942 |
_hY:434:6.2.N8, M5/GD _cGB _2CC |
||
| 999 |
_c598473 _d598473 |
||